Central Library OPAC University of Rajshahi

American Government : (Record no. 49415)

MARC details
000 -LEADER
fixed length control field 00941nam a2200277 4500
001 - CONTROL NUMBER
control field 49415
003 - CONTROL NUMBER IDENTIFIER
rucl marc code BD-RjUL
005 - DATE AND TIME OF LATEST TRANSACTION
control field 20211209054658.0
008 - FIXED-LENGTH DATA ELEMENTS--GENERAL INFORMATION
fixed length control field 720121s1972 njua b 000 0 eng
020 ## - INTERNATIONAL STANDARD BOOK NUMBER
International Standard Book Number 0130269557
035 ## - SYSTEM CONTROL NUMBER
System control number (BD-RjUL)49534
040 ## - CATALOGING SOURCE
Original cataloging agency DLC
Transcribing agency DLC
Modifying agency DLC
Language of cataloging eng
041 ## - LANGUAGE CODE
Language code of text/sound track or separate title eng
082 00 - DEWEY DECIMAL CLASSIFICATION NUMBER
Edition number 23
Classification number 320.0973
Author mark and year BUA 1972
100 1# - MAIN ENTRY--PERSONAL NAME
Personal name Burkhart, James A.,
9 (RLIN) 148333
245 10 - TITLE STATEMENT
Title American Government :
Remainder of title the clash of issues /
Statement of responsibility, etc. Edited by James A. Burkhart, Samuel Krislov [and] Raymond L. Lee.
250 ## - EDITION STATEMENT
Edition statement 4th ed.
260 ## - PUBLICATION, DISTRIBUTION, ETC. (IMPRINT)
Place of publication, distribution, etc. Englewood Cliffs, N.J.,
Name of publisher, distributor, etc. Prentice-Hall
Date of publication, distribution, etc. [1972]
300 ## - PHYSICAL DESCRIPTION
Pagination xvi, 447 p. :
Illustrations illus. ;
Size 24 cm.
350 ## - PRICE (NR) (BK AM CF MU VM SE) [OBSOLETE]
Price $4.50
504 ## - BIBLIOGRAPHY, ETC. NOTE
Bibliography, etc Includes bibliographical references.
651 #0 - SUBJECT ADDED ENTRY--GEOGRAPHIC NAME
Geographic name United States
General subdivision Politics and government
-- Handbooks, manuals, etc.
9 (RLIN) 148334
700 1# - ADDED ENTRY--PERSONAL NAME
Personal name Krislov, Samuel,
Relator term joint ed.
Personal name Lee, Raymond Lawrence,
Dates associated with a name 1911-
Relator term joint ed.
942 ## - ADDED ENTRY ELEMENTS (KOHA)
Source of classification or shelving scheme Dewey Decimal Classification
Koha item type Books
Holdings
Lost status Source of classification or shelving scheme Damaged status Not for loan Collection code Permanent Location Current Location Shelving location Date acquired Source of acquisition Total Checkouts Full call number Date last seen Copy number Koha item type
  Dewey Decimal Classification     Non-fiction Central Library, University of Rajshahi Central Library, University of Rajshahi   25/07/1977 Asia foundation   320.0973 BUA 1972 20/08/2016 C-2 Books
  Dewey Decimal Classification   Not For Loan Non-fiction Central Library, University of Rajshahi Central Library, University of Rajshahi Reading Room 25/07/1977 Asia foundation   320.0973 BUA 1972 26/12/2016 C-1 Books